00859cam a22002534a 450000100090000000300060000900500170001500800410003201000170007302000390009002000360012904000180016504200080018305000220019108200200021324501350023326000490036830000250041750400530044265000310049570000200052670000360054670000230058214313260GBCCL20241126110351.0060324s2006 ilu bd 001 0 eng  a 2006010084 a9780830824519 (cloth : alk. paper) a0830824510 (cloth : alk. paper) aDLCcDLCdDLC apcc00aBT1103b.N48 200600a239.03222bCAM00aNew dictionary of Christian apologetics /cGavin J. McGrath and W.C. Campbell-Jack, editors ; C. Stephen Evans, consulting editor. aDowners Grove, Ill. :bIVP Academic,cc2006. axx, 779 p. ;c26 cm. aIncludes bibliographical references and indexes. 0aApologeticsvDictionaries.1 aMcGrath, Gavin.1 aCampbell-Jack, Walter Campbell.1 aEvans, C. Stephen.